Todos os países do Mundo - Statistics

Estatísticas Gerais
  • Esse quiz foi jogado 891 vezes
  • A pontuação média é 123 de 247
Respostas no mapa
Respostas codificadas por cores de uma escala verde-vermelha no mapa do quiz de acordo com a % correta abaixo.
 
Estatísticas das Respostas
País % Correto
Brasil
91%
Argentina
88%
Estados Unidos
88%
Canadá
87%
Chile
87%
Uruguai
87%
México
86%
Paraguai
86%
França
84%
Venezuela
84%
Bolívia
83%
Colômbia
83%
Equador
83%
Peru
83%
Guiana
82%
Portugal
81%
Rússia
81%
China
80%
Alemanha
79%
Austrália
78%
Espanha
78%
Itália
78%
Japão
78%
Cuba
77%
Suriname
77%
África do Sul
76%
Coreia do Norte
76%
Coreia do Sul
76%
Índia
76%
Reino Unido
76%
Suíça
75%
Países Baixos
74%
Dinamarca
73%
Egito
73%
Finlândia
73%
Ucrânia
73%
Irlanda
72%
Suécia
72%
Noruega
71%
Panamá
71%
Polônia
71%
Turquia
71%
Bélgica
70%
Grécia
70%
Israel
70%
Irão
69%
Islândia
69%
Jamaica
69%
Madagáscar
69%
Angola
68%
Arábia Saudita
68%
Marrocos
68%
Nova Zelândia
68%
Croácia
67%
Groelândia
67%
Guiana Francesa
67%
Haiti
67%
Honduras
67%
Costa Rica
66%
Áustria
65%
Cazaquistão
65%
Guatemala
65%
Indonésia
65%
Argélia
64%
Bielorrússia
63%
El Salvador
63%
Mongólia
63%
Nicarágua
63%
Níger
63%
República Democrática do Congo
63%
Vaticano
63%
Eslováquia
62%
Eslovénia
62%
Iraque
62%
Lituânia
62%
República do Congo
62%
Paquistão
61%
República Dominicana
61%
Sudão
61%
Tailândia
61%
Catar
60%
Estônia
60%
Hungria
60%
Letónia
60%
República Checa
60%
Afeganistão
59%
Romênia
59%
Sérvia
59%
Albânia
58%
Bahamas
58%
Emirados Árabes Unidos
58%
Nepal
58%
Nigéria
58%
Omã
58%
Papua Nova Guiné
58%
Belize
57%
Camarões
57%
Chipre
57%
Filipinas
57%
Guiné
57%
Kosovo
57%
Moçambique
57%
Tunísia
57%
Vietname
57%
Andorra
56%
Bósnia e Herzegovina
56%
Etiópia
56%
Luxemburgo
56%
Sudão do Sul
56%
Bulgária
55%
Cabo Verde
55%
Senegal
55%
Uzbequistão
55%
Gana
54%
Malta
54%
Somália
54%
Butão
53%
Maldivas
53%
Mônaco
53%
Síria
53%
Taiwan
53%
Turquemenistão
53%
Zâmbia
53%
Zimbábue
53%
Azerbaijão
52%
Líbia
52%
Macedónia do Norte
52%
Armênia
51%
Bangladesh
51%
Costa do Marfim
51%
Geórgia
51%
Quênia
51%
Jordânia
50%
Laos
50%
Líbano
50%
Montenegro
50%
Sri Lanka
50%
Trinidad e Tobago
50%
Barbados
49%
Fiji
49%
Guiné-Bissau
49%
Iémen
49%
Lesoto
49%
Malásia
49%
Moldávia
49%
Dominica
48%
Quirguistão
48%
San Marino
48%
Botswana
47%
Camboja
47%
Mali
47%
Chade
46%
Gabão
46%
Liechtenstein
46%
Palestina
46%
Togo
46%
Guiné Equatorial
45%
República Centro-Africana
45%
Santa Lúcia
45%
São Tomé e Príncipe
45%
Uganda
45%
Birmânia
44%
Ilhas Marshall
44%
Mauritânia
44%
Singapura
44%
Tanzânia
44%
Libéria
43%
Namíbia
43%
Ruanda
43%
Tajiquistão
43%
Bahrein
42%
Eritreia
42%
Kiribati
42%
Kuweit
42%
Maurícia
42%
Seychelles
42%
Antígua e Barbuda
41%
Granada
41%
Palau
41%
Burundi
40%
Estados Federados da Micronésia
40%
Benim
39%
Burkina Faso
39%
Comores
39%
Essuatíni
39%
Ilhas Salomão
39%
Malawi
39%
São Cristóvão e Nevis
39%
Timor-Leste
39%
Tuvalu
39%
Brunei
38%
Gâmbia
38%
São Vicente e Granadinas
38%
Porto Rico
37%
Serra Leoa
37%
Tonga
37%
Djibouti
36%
Samoa
36%
Samoa Americana
36%
Vanuatu
36%
Nauru
34%
Ilhas Falkland
32%
Saara Ocidental
27%
Hong Kong
26%
Bermudas
24%
Ilhas Feroe
24%
Curaçao
23%
Polinésia Francesa
21%
Aruba
20%
Ilhas Virgens Americanas
20%
Ilhas Virgens Britânicas
20%
Gibraltar
19%
Ilha de Man
18%
Ilhas Cayman
16%
Ilhas Cook
16%
Macau
16%
Chipre do Norte
15%
Guam
14%
Santa Helena, Ascensão, e Tristão da Cunha
14%
Nova Caledônia
13%
Somalilândia
12%
Toquelau
12%
Martinica
11%
Abecásia
10%
Ilhas Marianas do Norte
10%
Ilhas Turcas e Caicos
10%
Transnistria
10%
Guadalupe
9%
Ilha Christmas
9%
Ilha Norfolk
9%
Ilhas Cocos (Keeling)
9%
Jersey
9%
Montserrat
9%
Niue
9%
Países Baixos Caribenhos
9%
Reunião
9%
Svalbard e Jan Mayen
9%
Anguilla
8%
Guernsey
8%
Mayotte
8%
Ossétia do Sul
8%
São Martinho (França)
8%
São Martinho (Países Baixos)
8%
Ilhas Pitcairn
7%
Wallis e Futuna
6%
Saint-Pierre e Miquelon
5%
São Bartolomeu
5%
Nenhum quiz correspondente encontrado
Distribuição das Pontuações
Porcentagem de Pessoas com Cada Pontuação
Percentil de Números Respondidos
Sua Pontuação Histórica
Você não jogou esse quiz